हिंदी अनुवाद : (Record no. 53090)

MARC details
000 -LEADER
fixed length control field 00662nam a2200181Ia 4500
005 - DATE AND TIME OF LATEST TRANSACTION
control field 20260429112237.0
008 - FIXED-LENGTH DATA ELEMENTS--GENERAL INFORMATION
fixed length control field 260429s9999||||xx |||||||||||||| ||und||
020 ## - INTERNATIONAL STANDARD BOOK NUMBER
International Standard Book Number 9788190512510
041 ## - LANGUAGE CODE
Language Hindi
082 ## - DEWEY DECIMAL CLASSIFICATION NUMBER
Classification number 491.435
Item number KUM
100 ## - MAIN ENTRY--PERSONAL NAME
Personal name कुमारी, सुश्री मीरा
245 #0 - TITLE STATEMENT
Title हिंदी अनुवाद :
Remainder of title नई दिशाएँ और संभावनाएँ /
Statement of responsibility, etc सुश्री मीरा कुमारी
250 ## - EDITION STATEMENT
Edition statement 1st ed.
260 ## - PUBLICATION, DISTRIBUTION, ETC. (IMPRINT)
Place of publication, distribution, etc दिल्ली :
Name of publisher, distributor, etc जे.बी. पब्लिशिंग कंपनी,
Date of publication, distribution, etc 2019.
300 ## - PHYSICAL DESCRIPTION
Extent 336 p.; Hb
650 ## - SUBJECT ADDED ENTRY--TOPICAL TERM
Topical term or geographic name as entry element Linguistics
942 ## - ADDED ENTRY ELEMENTS (KOHA)
Koha item type Text Books
Holdings
Withdrawn status Lost status Damaged status Not for loan Collection code Home library Location Shelving location Date of Cataloging Source of acquisition Total Checkouts Full call number Barcode Date last seen Price effective from Koha item type
        Non-fiction CUTN Central Library CUTN Central Library Languages 29/04/2026 Segment Book Distributors, New Delhi - Invoice No. 71458 on 09-02-2026   491.435 KUM 58293 29/04/2026 29/04/2026 Text Books